000 00272nam a2200121Ia 4500
005 20260328101454.0
008 260328s9999||||xx |||||||||||||| ||und||
245 0 _aNanimarquina :
_b Catalogue /
260 _bProces
300 _a322 p.
650 _aCATÁLOGOS
942 _cBK
999 _c8760
_d8760